The Needle Drop - Top 100 Songs of the 2010s - Statistics

General Stats
  • This quiz has been taken 95 times
  • The average score is 33 of 100
Answer Stats
Song Artist % Correct
5. This Is America Childish Gambino
94%
92. Hotline Bling Drake
89%
3. The Blacker The Berry Kendrick Lamar
85%
99. Old Town Road Lil Nas X
84%
18. EARFQUAKE Tyler, the Creator
84%
67. Sicko Mode Travis Scott
83%
77. Bad Guy Billie Eilish
79%
27. Power Kanye West
78%
10. Blackstar David Bowie
76%
84. Star Boy The Weeknd
76%
1. Hacker Death Grips
74%
93. Chandelier Sia
66%
39. Pyramids Frank Ocean
64%
55. Lucid Dreams Juice WRLD
64%
68. Little Dark Age MGMT
64%
4. Pure Comedy Father John Misty
59%
56. The Story of O.J. Jay-Z
59%
28. Ain't It Funny Danny Brown
58%
2. Helplessness Blues Fleet Foxes
55%
63. Burn the Witch Radiohead
55%
6. Oxygen Swans
55%
37. Formation Beyonce
54%
95. E*MO*TION Carly Rae Jepsen
54%
96. Drunk Drivers / Killer Whales Car Seat Headrest
51%
81. Elephant Tame Impala
51%
40. Money Machine 100 gecs
46%
43. 1539 N. Calvert JPEGMAFIA
46%
12. I Can Change LCD Soundsystem
46%
23. Satan In The Wait Daughters
43%
19. Gone Charli XCX & Christina and the Queens
40%
87. Fuck It I Love You Lana Del Rey
40%
8. Real Death Mount Eerie
40%
59. Liability Lorde
39%
17. Ponyboy SOPHIE
39%
32. GOLD BROCKHAMPTON
38%
73. Reflektor Arcade Fire
36%
61. Clout Cobain Denzel Curry
36%
9. Some Kind of Nature Gorillaz
35%
42. Should Have Known Better Sufjan Stevens
35%
24. Do You Doubt Me Traitor Lingua Ignota
34%
22. Numbers On The Boards Pusha T
34%
30. Wide Awake Parquet Courts
30%
48. Danny Nedelko Idles
29%
57. Million Reasons Lady Gaga
29%
15. Career Boy Dorian Electra
28%
85. Two Weeks FKA twigs
28%
79. Do The Astral Plane Flying Lotus
26%
49. Tightrope Janelle Monae
26%
7. A Tooth For An Eye The Knife
26%
97. My God Is The Sun Queens of the Stone Age
25%
25. FDT YG
25%
51. Shut Up Kiss Me Angel Olsen
24%
78. Oh Shit!!! Injury Reserve
24%
13. Good Intentions Paving Company Joanna Newsom
24%
50. Planet B King Gizzard and the Lizard Wizard
24%
11. Far From Born Again Alex Cameron
23%
86. I Know There's Gonna Be (Good Times) Jamie xx
23%
62. Boys Lizzo
23%
71. Digital Witness St. Vincent
23%
16. Mess On A Mission Liars
20%
20. The Words That Maketh Murder PJ Harvey
20%
88. No Problem Chance the Rapper
19%
65. Everyday Weyes Blood
19%
100. Shabba A$AP Ferg
18%
21. The Underside of Power Algiers
18%
44. Take Care Beach House
18%
47. Cirice Ghost
18%
53. The Wilhelm Scream James Blake
18%
64. Jesus Is The One (I Got Depression) Kenny Beats & Zack Fox
18%
70. Minnesota Lil Yachty
18%
66. Cousins Vampire Weekend
18%
14. Round and Round Ariel Pink
16%
94. Country Shit Big K.R.I.T.
16%
60. Shame Freddie Gibbs & Madlib
16%
29. Punkero Sonidero Ondatropica
16%
34. Knees On The Ground clipping.
15%
31. Bravado Kirin J Callinan
15%
46. Danza De Gardenias Natalia Lafourcade
15%
91. Cyber Stockholm Syndrome Rina Sawayama
14%
26. Love Cry Four Tet
13%
35. Hi Hannah Diamond
13%
82. WTF (Where They From) Missy Elliot
11%
36. Ice Cream Battles
10%
90. Nausea Jeff Rosenstock
10%
41. King Park La Dispute
10%
98. 95 Radios Open Mike Eagle
10%
45. Hood Perfume Genius
10%
38. Shut Up Savages
10%
80. Pearly Gates U.S. Girls
10%
76. The Lord's Favourite Iceage
9%
58. Big Beast Killer Mike
9%
75. Rage Rico Nasty
8%
33. Higher Ground TNGHT
8%
74. My Skateboard Will Go On Anamanaguchi
6%
89. Make It Forever George Clanton
6%
83. Returner Liturgy
6%
69. Love Me Like I'm Not Made of Stone Lykke Li
6%
54. Hot Dreams Timber Timbre
6%
52. Best Hugs DRAM
5%
72. Awake Tkay Maidza
3%
No matching quizzes found
Score Distribution
Percent of People with Each Score
Percentile by Number Answered
Your Score History
You have not taken this quiz